00812nam a2200193 i 450000100060000000300090000600500170001500700030003200800410003511100850007624501600016126000790032130000110040049000610041171000410047271000120051383000610052585200320058646075ES-MaACL20250828083959.0t|030327s1960 fr ||||1| fre d2 aConférence Internationale de l'Instruction Publique (n23ª. d1960.cGinebra)10aElaboration des programmes de l'enseignement général du second degréb: XXIIIe Conférence Internationale de l'Instruction Publique : Genéve 1960. aParis : bUNESCO ; aGenève : bBureau International d'Education,c1960. a412 p.1 aPublications du Bureau International d'Education ; v21520aOficina Internacional de Educación2 aUnesco.0 aPublications du Bureau International d'Education ; v215 aES-MaACLjC-18933 bR.46641